Greener homes for the future? An environmental analysis of the government's house-building plans (Record no. 108879)
[ view plain ]
| 000 -LEADER | |
|---|---|
| fixed length control field | 01863cad a22002655a 4500 |
| 001 - CONTROL NUMBER | |
| control field | L145716 |
| 008 - FIXED-LENGTH DATA ELEMENTS--GENERAL INFORMATION | |
| fixed length control field | 081103e20081103xxk f f000 0 eng d |
| 035 ## - SYSTEM CONTROL NUMBER | |
| System control number | (Sirsi) u145716 |
| 041 0# - LANGUAGE CODE | |
| Language code of text/sound track or separate title | eng |
| 050 04 - LIBRARY OF CONGRESS CALL NUMBER | |
| Classification number | 333.72 $2 18 |
| 110 2# - MAIN ENTRY--CORPORATE NAME | |
| Corporate name or jurisdiction name as entry element | United Kingdom |
| Subordinate unit | Parliament |
| -- | House of Commons |
| -- | Environmental Audit Committee |
| 9 (RLIN) | 5638 |
| 245 00 - TITLE STATEMENT | |
| Title | Greener homes for the future? An environmental analysis of the government's house-building plans |
| Remainder of title | twelfth report of session 2007-08 |
| Medium | [electronic resource] |
| 260 ## - PUBLICATION, DISTRIBUTION, ETC. | |
| Place of publication, distribution, etc. | London |
| Name of publisher, distributor, etc. | House of Commons |
| Date of publication, distribution, etc. | 2008 |
| 490 #0 - SERIES STATEMENT | |
| Series statement | House of Commons Paper |
| Volume/sequential designation | HC 566, 2007-2008 |
| 505 2# - FORMATTED CONTENTS NOTE | |
| Formatted contents note | The target for three million new homes by 2020: rationale for the three million new homes figure; the impact of the housing market downturn; environmental impact of the national targets -- Zero carbon homes -- Code for Sustainable Homes and Building Regulations: the Code for Sustainable Homes; sustainable housing, costs and consumer demand; monitoring and enforcement -- Where should new homes be built?; greenfield versus brownfield development; green belt reviews -- Eco-towns -- Sustainable infrastructure for new developments -- Conclusions -- Conclusions and recommendations |
| 520 ## - SUMMARY, ETC. | |
| Summary, etc. | Environmental Audit Committee paper looks at government proposals to build three million new homes by 2020, focussing on the impact of the growth of house-building targets, what sorts of homes should be built and where these should be built. |
| 521 ## - TARGET AUDIENCE NOTE | |
| Target audience note | Advanced |
| 590 ## - LOCAL NOTE (RLIN) | |
| Local note | KA NTK |
| 650 24 - SUBJECT ADDED ENTRY--TOPICAL TERM | |
| Topical term or geographic name entry element | ECO-TOWNS |
| 651 #4 - SUBJECT ADDED ENTRY--GEOGRAPHIC NAME | |
| Geographic name | England and Wales |
| Chronological subdivision | 1543- |
| 690 ## - LOCAL SUBJECT ADDED ENTRY--TOPICAL TERM (OCLC, RLIN) | |
| Topical term or geographic name as entry element | ENVIRONMENTAL AND LAND CONSULTANCY-PLANNING AND DEVELOPMENT-STRATEGIC PLANNING |
| 690 ## - LOCAL SUBJECT ADDED ENTRY--TOPICAL TERM (OCLC, RLIN) | |
| Topical term or geographic name as entry element | PROPERTY-RESIDENTIAL PROPERTY |
| 856 40 - ELECTRONIC LOCATION AND ACCESS | |
| Uniform Resource Identifier | <a href="https://www.publications.parliament.uk/pa/cm/cmenvaud.htm">https://www.publications.parliament.uk/pa/cm/cmenvaud.htm</a> |
| Public note | View the item free of charge online at www.publications.parliament.uk... |
| 942 ## - ADDED ENTRY ELEMENTS (KOHA) | |
| Suppress in OPAC | 0 |
| Withdrawn status | Lost status | Source of classification or shelving scheme | Damaged status | Not for loan | Home library | Current library | Shelving location | Date acquired | Total Checkouts | Full call number | Barcode | Date last seen | Copy number | Price effective from | Koha item type |
|---|---|---|---|---|---|---|---|---|---|---|---|---|---|---|---|
| Dewey Decimal Classification | Virtual | Virtual | Online | 03/11/2008 | ONLINE PUBLICATION | 145716-1001 | 06/08/2019 | 1 | 06/08/2019 | Book |